00269nam a2200097Ia 4500008004100000082001300041100002300054245005000077260003600127365000800163210423s2005 xx 000 0 und d a658 DAVM aDAVIS (Herbert J). aManagement in india: trends and transilation. aNew DelhibResponse Booksc2005 cINR